00458nam a2200133Ia 4500008004000000020001800040082001500058100004000073245010400113260003700217300000800254440000700262650005500269210210b2005 xxu||||| |||| 00| 0 eng d a81 7835 388 1 a915.4 BHAL aBHATT (S C) and BHARGAVA (Gopal K). aLand and people of Indian states and union territories (in 36 volumes): Dadra & Nagar Haveli Vol.32 aDelhibKalpaz publicationsc2005 a227 a32 aLand and people India, Dadra & Nagar Haveli Vol.32